| 000 | 00584nam a22001697a 4500 | ||
|---|---|---|---|
| 003 | MACL | ||
| 005 | 20160330163740.0 | ||
| 008 | 160330b xxu||||| |||| 00| 0 eng d | ||
| 040 | _cMACL | ||
| 041 | _aHindi | ||
| 082 | _a320 | ||
| 100 |
_aडॉ कृष्णदेव झारी _949054 |
||
| 245 | _aकश्मीर समस्या और भारत पाक युद्ध | ||
| 260 |
_aदिल्ली _bझारीसन प्रेस एण्ड पब्लिकेशन्स |
||
| 650 |
_aPolitical Sci. _934660 |
||
| 942 |
_2ddc _cHIN |
||
| 999 |
_c53647 _d53647 |
||